[Event "Goodbye Summer Open"]
[Site "Omis CRO"]
[Date "2005.10.13"]
[Round "6"]
[White "Babic,Dras"]
[Black "Jankovic,A"]
[Result "0-1"]
[WhiteElo "2316"]
[BlackElo "2446"]

1.e4 c5 2.Nf3 Nc6 3.Bb5 d6 4.Bxc6+ bxc6 5.d3 e5 6.h3 Be7 7.Nbd2 f5 8.exf5 Bxf5
9.Ne4 Nf6 10.O-O Nd5 11.Nc3 Be6 12.Nxd5 cxd5 13.Ng5 Bg8 14.f4 Bxg5 15.fxg5 Bf7
16.g6 hxg6 17.Qg4 Qh4 18.Qxh4 Rxh4 19.Bg5 Rh8 20.Rf2 Be6 21.Raf1 Kd7 22.b3 Rhc8
23.c4 a5 24.Rb2 Rcb8 25.Rff2 a4 26.g4 axb3  0-1

[Event "TCh-CZE Extraliga 2005-6"]
[Site "Czech Rep CZE"]
[Date "2005.10.15"]
[Round "1"]
[White "Vyskocil,N"]
[Black "Jirovsky,M"]
[Result "0-1"]
[WhiteElo "2318"]
[BlackElo "2476"]

1.e4 c5 2.Nf3 Nc6 3.Bb5 g6 4.O-O Bg7 5.Re1 Nf6 6.e5 Nd5 7.Nc3 Nc7 8.Bxc6 dxc6
9.Ne4 b6 10.d3 O-O 11.h3 Be6 12.Qe2 Qd7 13.a4 a5 14.Bd2 Bd5 15.Nc3 Ne6 16.Nxd5 cxd5
17.Be3 Rac8 18.Qd2 c4 19.Bh6 Rfd8 20.Bxg7 Kxg7 21.dxc4 Rxc4 22.b3 Rc6 23.Nd4 Nxd4
24.Qxd4 e6 25.c3 Qe7 26.Re3 Rdc8 27.Rd3 Kg8 28.Qe3 Rc5 29.Rc1 R8c6 30.Rd4 Qc7
31.c4 dxc4 32.Rcxc4 Rxc4 33.bxc4 Rxc4 34.Rd6 Rc1+ 35.Kh2 Rc5 36.Qd4 Kg7 37.Qf4 Rd5
38.Qf6+ Kg8 39.Rxd5 exd5 40.g3 d4 41.e6 fxe6 42.Qxd4 e5 43.Qd5+ Kg7 44.Kg2 Kf6
45.h4 h5 46.Qf3+ Ke7 47.Qe4 Qd6 48.Kg1 Kd7 49.Qb7+ Kd8 50.Qe4 Kc7 51.Qc4+ Kb8
52.Qe4 Ka7 53.Kg2 Qe6 54.Kg1 b5 55.axb5 Kb6 56.f4 Kxb5 57.fxe5 Kc5 58.Qe3+ Kd5
59.Qb3+ Kxe5 60.Qc3+ Kf5 61.Qxa5+ Kg4 62.Qg5+ Kh3 63.Kf2 Qe4 64.Qf6 Qg2+
65.Ke3 Qxg3+ 66.Kd2 Qg4 67.Kc3 Qf5 68.Qe7 Qf4 69.Kb2 Qxh4  0-1

[Event "TCh-CZE Extraliga 2005-6"]
[Site "Czech Rep CZE"]
[Date "2005.10.15"]
[Round "1"]
[White "Movsesian,S"]
[Black "Jakubiec,A"]
[Result "1/2-1/2"]
[WhiteElo "2635"]
[BlackElo "2529"]

1.e4 c5 2.Nf3 Nc6 3.Bb5 g6 4.Bxc6 dxc6 5.d3 Bg7 6.h3 e5 7.Be3 Qe7 8.Qd2 Nf6
9.Bh6 O-O 10.Nc3 a5 11.Nh2 a4 12.a3 Nh5 13.Ne2 Be6 14.g4 Bxh6 15.Qxh6 Ng7
16.f4 exf4 17.Nf3 f6 18.Nxf4 c4 19.O-O cxd3 20.cxd3 g5 21.Ng2 Rad8 22.Rad1 Bb3
23.Rd2 Rd6 24.Rdf2 Ne6 25.Nfe1 Nc5 26.h4 Nxd3 27.Nxd3 Rxd3 28.hxg5 Qxe4 29.Nf4 Rg3+
30.Kh2 Rxg4 31.Re2 Qc4 32.gxf6 Rg6 33.f7+ Qxf7 34.Nxg6 Qxf1 35.Ne7+ Kh8 36.Ng6+ Kg8
37.Ne7+  1/2-1/2

[Event "TCh-CZE Extraliga 2005-6"]
[Site "Czech Rep CZE"]
[Date "2005.10.15"]
[Round "1"]
[White "Bazant,P jr"]
[Black "Priborsky,J"]
[Result "0-1"]
[WhiteElo "2307"]
[BlackElo "2307"]

1.e4 c5 2.Nf3 Nc6 3.Bb5 g6 4.O-O Bg7 5.Re1 Nf6 6.c3 O-O 7.d4 d5 8.exd5 Qxd5
9.c4 Qd6 10.Bxc6 bxc6 11.Nc3 Bg4 12.dxc5 Qxc5 13.Qd4 Qh5 14.Ne5 Nd7 15.f4 Rad8
16.Qe3 Nxe5 17.fxe5 f6 18.Qxa7 fxe5 19.Ne4 Rd4 20.Qxe7 Rxe4 21.Rxe4 Qf5 22.h3 Bxh3
23.Kh2 Bxg2 24.Rh4 Qf2 25.Be3 Qxe3 26.Qe6+ Kh8 27.Qxg6 h6 28.Rg4 Qh3+  0-1

[Event "Chigorin Mem"]
[Site "St Petersburg RUS"]
[Date "2005.10.15"]
[Round "1"]
[White "Smirnov,Arte"]
[Black "Sorokina,A RUS"]
[Result "1-0"]
[WhiteElo "2375"]
[BlackElo "2063"]

1.e4 c5 2.Nf3 Nc6 3.Bb5 e6 4.O-O Nge7 5.c3 Ng6 6.d4 cxd4 7.cxd4 Be7 8.d5 Nce5
9.Nxe5 Nxe5 10.d6 Qb6 11.dxe7 Qxb5 12.Nc3 Qb4 13.Bf4 Ng6 14.Bd6 Qa5 15.a4 f6
16.Nb5 Kf7 17.b4 Qb6 18.Nc7  1-0

[Event "Chigorin Mem"]
[Site "St Petersburg RUS"]
[Date "2005.10.15"]
[Round "1"]
[White "Sudarkin,G"]
[Black "Iskusnyh,S"]
[Result "0-1"]
[WhiteElo "2177"]
[BlackElo "2473"]

1.e4 c5 2.Nf3 Nc6 3.Bb5 g6 4.O-O Bg7 5.c3 Nf6 6.Qa4 O-O 7.d4 cxd4 8.cxd4 d6
9.Bxc6 bxc6 10.Qxc6 Bd7 11.Qc2 Qa5 12.Nc3 Rfc8 13.Qd3 Rab8 14.Re1 Bg4 15.Nd2 Be6
16.Nf3 Bc4 17.Qd1 Ba6 18.Qa4 Qxa4 19.Nxa4 Rc2 20.h3 Rbc8 21.Nc3 Bb7 22.e5 Nd5
23.exd6 Nxc3 24.bxc3 exd6 25.Bf4 Bxf3 26.gxf3 d5 27.Kg2 R2xc3 28.Be5 Ra3
29.Bxg7 Kxg7 30.Re5 Ra5 31.Rb1 Rc7 32.Rb2 f6 33.Re8 Kf7 34.Reb8 Ke6 35.R8b7 Rxb7
36.Rxb7 h5 37.Rb2 Ra4 38.Rd2 h4 39.Kf1 Kf5 40.Ke2 Kf4 41.Rb2 Rxd4 42.Rc2 Ra4
43.Rb2 f5 44.Rc2 a5 45.Rd2 d4 46.a3 Rc4 47.Rd3 Rc2+ 48.Ke1 g5 49.Rxd4+ Kxf3
50.Rd5 f4 51.Rxg5 a4 52.Rg4 Ra2 53.Rxh4 Rxa3 54.Rh8 Ra1+ 55.Kd2 a3 56.Kc2 Kxf2
57.Kb3 Kg3 58.h4 f3  0-1

[Event "Chigorin Mem"]
[Site "St Petersburg RUS"]
[Date "2005.10.15"]
[Round "1"]
[White "Okkes,M"]
[Black "Poleshchuk,A"]
[Result "1/2-1/2"]
[WhiteElo "2358"]
[BlackElo "2050"]

1.e4 c5 2.Nf3 Nc6 3.Bb5 g6 4.O-O Bg7 5.c3 e5 6.d4 cxd4 7.cxd4 Nxd4 8.Nxd4 exd4
9.e5 Ne7 10.Qxd4 O-O 11.Bf4 d5 12.Nc3 Be6 13.Rfe1 Qa5 14.Rad1 Rac8 15.Qa4 Qxa4
16.Bxa4 h6 17.Bb3 Rfd8 18.Nb5 Nc6 19.Nd6 Rc7 20.Nb5 Rcd7 21.Nd4 Nxd4 22.Rxd4 Bf8
23.Rc1 Kg7 24.Ba4 Re7 25.Bd2 b6 26.Bb4 Rb7 27.Bxf8+ Rxf8 28.f4 Rc8 29.Rxc8 Bxc8
30.Kf2 Be6 31.Ke3 Rc7 32.Bb3 Rc5 33.Kd2 Kf8 34.Bd1 Bf5 35.b4 Rc4 36.Rxc4 dxc4
37.b5 Ke7 38.Kc3 Bd3 39.Bf3 Ke6 40.g4 g5 41.fxg5 hxg5 42.Kd4 Ke7 43.Bd5  1/2-1/2

[Event "Chigorin Mem"]
[Site "St Petersburg RUS"]
[Date "2005.10.16"]
[Round "2"]
[White "Chehlov,A"]
[Black "Potyavin,I"]
[Result "1-0"]
[WhiteElo "2207"]
[BlackElo "2048"]

1.e4 c5 2.Nf3 Nc6 3.Bb5 Nd4 4.Nxd4 cxd4 5.O-O a6 6.Bc4 e6 7.d3 Ne7 8.Bg5 f6
9.Bh4 Ng6 10.Bg3 Be7 11.f4 O-O 12.Nd2 b5 13.Bb3 Rf7 14.Nf3 Qb6 15.a4 Bb7
16.a5 Qa7 17.f5 Nf8 18.Qd2 Bc6 19.Kh1 Rd8 20.Rae1 e5 21.Bxf7+ Kxf7 22.c3 dxc3
23.bxc3 d5 24.Bxe5 dxe4 25.Bd4 Qb7 26.dxe4 Bxe4 27.Qe3 Bd5 28.Rf2 Rd7 29.Bb6 Bxf3
30.Rxf3 Qd5 31.Rff1 Qd2 32.Qf3 Qd5 33.Qg4 Kg8 34.Rd1 Qc6 35.Rxd7 Nxd7 36.Qf3 Qxf3
37.Rxf3 Ne5 38.Rf1 Kf7 39.h3 Ke8 40.Rd1 Nc4 41.g4 Bd6 42.Kg2 Bc7 43.Re1+ Be5
44.Bc7 Kd7 45.Bxe5 fxe5 46.Rd1+ Ke7 47.Kf3 Nb2 48.Rd5 Nc4 49.g5 Nxa5 50.Rxe5+ Kf7
51.Re6  1-0

[Event "Chigorin Mem"]
[Site "St Petersburg RUS"]
[Date "2005.10.17"]
[Round "3"]
[White "Okkes,M"]
[Black "Tkachuk,A"]
[Result "1/2-1/2"]
[WhiteElo "2358"]
[BlackElo "2170"]

1.e4 c5 2.Nf3 Nc6 3.Bb5 d6 4.d4 cxd4 5.Qxd4 Qa5+ 6.Nc3 Qxb5 7.Nxb5 Nxd4 8.Nfxd4 Kd8
9.c4 Nf6 10.f3 g6 11.Be3 Bd7 12.O-O a6 13.Nc3 Rc8 14.b3 b5 15.Nd5 Nxd5 16.cxd5 Rc3
17.Bd2 Rc5 18.Ba5+ Kc8 19.Bb6 Bg7 20.Rad1 Bxd4+ 21.Rxd4 Rc2 22.Rf2 Rc1+ 23.Rf1 Rc2
24.Rf2  1/2-1/2

[Event "Chigorin Mem"]
[Site "St Petersburg RUS"]
[Date "2005.10.17"]
[Round "3"]
[White "Kornev,Alexei"]
[Black "Kalegin,E"]
[Result "1-0"]
[WhiteElo "2578"]
[BlackElo "2470"]

1.e4 c5 2.Nf3 Nc6 3.Bb5 g6 4.O-O Bg7 5.Re1 Nf6 6.e5 Nd5 7.Nc3 Nc7 8.Bc4 O-O
9.d3 b6 10.Bf4 Bb7 11.Qd2 Na5 12.Ne4 Ne6 13.Bh6 Nxc4 14.dxc4 f6 15.exf6 exf6
16.Bxg7 Nxg7 17.Rad1 Bc6 18.Qc3 Ne6 19.h4 Qe7 20.h5 Qg7 21.h6 Qxh6 22.Nxf6+ Rxf6
23.Qxf6 Rf8 24.Qh4 Qxh4 25.Nxh4 g5 26.Nf3 Bxf3 27.gxf3 Rf7 28.Rd5 Kf8 29.c3 h6
30.Red1 Ke8 31.Rd6 h5 32.R1d3 h4 33.b3 Nf4 34.Re3+ Kd8 35.Rh6 Kc7 36.Kh2 Ne6
37.Rg6 a5 38.Rg8 Rf4 39.Rh8 Rf7 40.Kh3 Nf4+ 41.Kg4 Ne6 42.Re4 Kd6 43.a3 Kc7
44.b4 axb4 45.cxb4 cxb4 46.axb4 Kd6 47.Rh5 Rg7 48.Rh6 Rf7 49.f4 gxf4 50.Kxh4 Ke7
51.Kg4 Rg7+ 52.Kf3 Rg1 53.Rh5 Kf6 54.Rb5 Ng5+ 55.Kxf4 Nxe4 56.Rxb6+  1-0

[Event "Chigorin Mem"]
[Site "St Petersburg RUS"]
[Date "2005.10.17"]
[Round "3"]
[White "Nikitin,Y2"]
[Black "Golberg,I"]
[Result "1/2-1/2"]
[WhiteElo "2355"]
[BlackElo "2148"]

1.e4 c5 2.Nf3 Nc6 3.Bb5 g6 4.Bxc6 dxc6 5.h3 Bg7 6.d3 Nf6 7.Nc3 Nd7 8.Be3 e5
9.Qd2 h6 10.O-O-O Qe7 11.Nh2 Nf8 12.f4 exf4 13.Bxf4 Ne6 14.Bg3 h5 15.Kb1 Nd4
16.e5 Bf5 17.Bf4 Ne6 18.Be3 Bxe5 19.g4 hxg4 20.hxg4 Rxh2 21.Rxh2 Bxg4 22.Re1 Bxh2
23.Qxh2 O-O-O 24.Qe5 Qc7 25.Qf6 Qg3 26.Bf2 Qf3 27.Qh4 g5 28.Qh2 Bf5 29.a4 a5
30.Bg3 Nf4 31.Re5 Ng6 32.Re1 Rh8 33.Qg1 b6 34.Rf1 Qg4 35.Qf2 Be6 36.Ne4 f5
37.Nxc5 f4 38.Nxe6 Qxe6 39.Bh2 Qd5 40.Bg1 c5 41.d4 cxd4 42.Qxd4 Qxd4 43.Bxd4 Rf8
44.Bxb6 g4 45.Rg1 g3 46.Kc1 Ne5 47.Kd1 Nc4 48.Bd4 Rd8 49.c3 Nxb2+ 50.Ke2 Nxa4
51.Ra1 g2 52.Kf3 Nxc3 53.Bxc3 g1=Q 54.Rxg1 Rd3+ 55.Kxf4 Rxc3 56.Ke4 Kb7 57.Kd4 Rc2
58.Kd3 Rc5 59.Rg4 Kc6 60.Rc4  1/2-1/2

[Event "SCG First League m"]
[Site "Vrnjacka Banja SCG"]
[Date "2005.10.17"]
[Round "1"]
[White "Pikula,D"]
[Black "Vuckovic,Bo"]
[Result "1-0"]
[WhiteElo "2499"]
[BlackElo "2509"]

1.e4 c5 2.Nf3 Nc6 3.Bb5 d6 4.O-O Bd7 5.Re1 Nf6 6.h3 a6 7.Bf1 g5 8.d4 g4 9.d5 gxf3
10.dxc6 Bxc6 11.Qxf3 Nd7 12.Nc3 e6 13.Qg3 h5 14.Bf4 h4 15.Qe3 Ne5 16.Rad1 Qe7
17.a3 O-O-O 18.b4 Ng6 19.Bg5 f6 20.Bf4 Nxf4 21.Qxf4 Bh6 22.Qg4 Rdg8 23.Qf3 f5
24.b5 axb5 25.Bxb5 fxe4 26.Nxe4 d5 27.Bxc6 bxc6 28.Rb1 Rg7 29.Nf6 Rf8 30.Qb3 Bf4
31.Ng4 Qd6 32.Qa4 Rc7 33.Rxe6 Qxe6 34.Qa8+ Kd7 35.Qxf8 Qd6 36.Qf7+ Kc8 37.Qe8+  1-0

[Event "Femida"]
[Site "Kharkiv UKR"]
[Date "2005.10.18"]
[Round "3"]
[White "Ivanov,AA"]
[Black "Khakimov,T"]
[Result "1-0"]
[WhiteElo "2414"]
[BlackElo "2282"]

1.e4 c5 2.Nf3 Nc6 3.Bb5 g6 4.O-O Bg7 5.Re1 Nf6 6.Nc3 a6 7.Bxc6 bxc6 8.e5 Nd5
9.Ne4 Qb6 10.b3 O-O 11.Ba3 d6 12.exd6 exd6 13.Nxd6 Bxa1 14.Qxa1 Qa5 15.Nc4 Qb5
16.Nfe5 Rd8 17.d3 Be6 18.Qc1 Nc7 19.Bb2 Ne8 20.a4 Qb7 21.Qe3 Qc7 22.Qxc5 Rac8
23.Nb6 Rb8 24.a5 Rd6 25.Nf3  1-0

[Event "SCG First League m"]
[Site "Vrnjacka Banja SCG"]
[Date "2005.10.18"]
[Round "2"]
[White "Martinovic,Sl"]
[Black "Miljkovic,Mir1"]
[Result "1-0"]
[WhiteElo "2448"]
[BlackElo "2411"]

1.e4 c5 2.Nf3 Nc6 3.Bb5 g6 4.Bxc6 dxc6 5.d3 Bg7 6.h3 Nf6 7.Nc3 O-O 8.Be3 b6
9.O-O Nd7 10.Nd2 e5 11.Nc4 Ba6 12.a4 Qe7 13.Qe2 Rfd8 14.b3 Nf8 15.Qd2 Ne6
16.Ne2 Rd7 17.Rae1 Re8 18.Bh6 Bh8 19.Be3 Bg7 20.Qc1 Nd4 21.Nxd4 cxd4 22.Bh6 b5
23.Nb2 Bxh6 24.Qxh6 Rd6 25.f4 exf4 26.Qxf4 f6 27.Re2 Qe5 28.Qh6 Bc8 29.Ref2 Rf8
30.Rf3 f5 31.exf5 Rxf5 32.Rxf5 Bxf5 33.Qf4 Qxf4 34.Rxf4 Rd5 35.Kf1 a6 36.Ke1 g5
37.Rf2 h5 38.axb5 axb5 39.b4 Kg7 40.Kd2 Re5 41.Nd1 Kg6 42.Rf1 Re8 43.Nf2 g4
44.h4 Re3 45.Nh1 Be6 46.Rf4 Bd5 47.Rxd4 Re6 48.Ng3 Bxg2 49.Rf4 Bf3 50.Rf5 Re2+
51.Nxe2 Kxf5 52.Ng3+ Kg6 53.Ke3 Bd1 54.c4 Bc2 55.cxb5 cxb5 56.d4 Bb3 57.Kf4 Bf7
58.Ke5 Be8 59.d5 Bf7 60.d6  1-0

[Event "SCG First League m"]
[Site "Vrnjacka Banja SCG"]
[Date "2005.10.18"]
[Round "2"]
[White "Predojevic,B"]
[Black "Miladinovic,I"]
[Result "1/2-1/2"]
[WhiteElo "2558"]
[BlackElo "2609"]

1.e4 c5 2.Nf3 Nc6 3.Bb5 e6 4.Bxc6 bxc6 5.d3 Ne7 6.O-O Ng6 7.Ng5 h6 8.Nh3 d5
9.Qh5 e5 10.Nc3 Be6 11.f4 exf4 12.exd5 cxd5 13.Re1 Qd7 14.Qxd5 Rb8 15.Nxf4 Nxf4
16.Bxf4 Rxb2 17.Qa8+ Qd8 18.Qc6+ Qd7 19.Qa8+ Qd8  1/2-1/2

[Event "Femida"]
[Site "Kharkiv UKR"]
[Date "2005.10.19"]
[Round "4"]
[White "Kovchan,A"]
[Black "Arzumanian,G"]
[Result "1/2-1/2"]
[WhiteElo "2504"]
[BlackElo "2447"]

1.e4 c5 2.Nf3 Nc6 3.Bb5 g6 4.Bxc6 dxc6 5.h3 Bg7 6.d3 Nf6 7.Nc3 Nd7 8.Be3 e5
9.Qd2 h6 10.Ne2 Qe7 11.Qc3  1/2-1/2

[Event "Chigorin Mem"]
[Site "St Petersburg RUS"]
[Date "2005.10.19"]
[Round "5"]
[White "Okkes,M"]
[Black "Prelovskij,R"]
[Result "1-0"]
[WhiteElo "2358"]
[BlackElo "2187"]

1.e4 c5 2.Nf3 Nc6 3.Bb5 e6 4.Bxc6 bxc6 5.d3 d5 6.Qe2 h6 7.O-O Nf6 8.c4 Be7
9.Nc3 O-O 10.b3 Re8 11.Ba3 Bf8 12.Na4 Nd7 13.Rae1 Ba6 14.e5 Rb8 15.Nd2 Qa5
16.Bb2 Qc7 17.f4 Nb6 18.Nc3 Bc8 19.Qf2 Rd8 20.Ba3 Nd7 21.Na4 Nb6 22.Nxc5 a5
23.Rc1 dxc4 24.dxc4 a4 25.b4 Nd7 26.Nde4 Nxc5 27.bxc5 Rd3 28.Rc3 Rxc3 29.Nxc3 Ba6
30.Qe2 Rd8 31.Rd1 Rxd1+ 32.Qxd1 Bxc4 33.Qxa4 Bd3 34.Qd4 Qa7 35.Bb4 Qa6 36.a3 g6
37.Ne4 Bxe4 38.Qxe4 h5 39.g3 Qb5 40.Qc2 Be7 41.Kf2 Kg7 42.Ke1 Kg8 43.Qe2 Qa4
44.Qd3 Kg7 45.Kd2 Qa7 46.Qc4 Qa4 47.Qc2 Qb5 48.Qd3 Qa4 49.Kc3 Kg8 50.Qc2 Qa7
51.Kb3 Qd7 52.a4 h4 53.Qd2 Qb7 54.Qd4 h3 55.a5 Kg7 56.Qc4 Qa7 57.a6 Bf8 58.Kc2 Be7
59.Kd2 Kf8 60.Ke2 Ke8 61.Kf3 Kd7 62.Kg4 Kc8 63.Kxh3 Kb8 64.Qd3 Ka8 65.Kg4 Qc7
66.Qd2 Qc8 67.Qd3 Ka7 68.h4 Qxa6 69.Qd7+ Qb7 70.Qxb7+ Kxb7 71.h5 gxh5+ 72.Kxh5 Ka6
73.Kh6 Kb5 74.Be1 Bxc5 75.Kg7 Kc4 76.Kxf7 Kd5 77.Bd2 Bd4 78.g4  1-0

[Event "Chigorin Mem"]
[Site "St Petersburg RUS"]
[Date "2005.10.19"]
[Round "5"]
[White "Vokarev,S"]
[Black "Bratus,P"]
[Result "1-0"]
[WhiteElo "2488"]
[BlackElo "2225"]

1.e4 c5 2.Nf3 Nc6 3.Bb5 g6 4.O-O Bg7 5.Re1 Nf6 6.e5 Nd5 7.Nc3 Nc7 8.Bxc6 dxc6
9.Ne4 Ne6 10.d3 O-O 11.Be3 b6 12.Qd2 Nd4 13.Nxd4 cxd4 14.Bh6 f6 15.exf6 exf6
16.Bxg7 Kxg7 17.Qf4 Qd5 18.Re2 g5 19.Qg3 Bf5 20.Nd6 Bg6 21.Rae1 Rad8 22.Re7+ Bf7
23.Ne4 Rd7 24.Rxd7 Qxd7 25.h4 Re8 26.Rf1 Bd5 27.hxg5 Bxe4 28.gxf6+ Kxf6 29.Qh4+ Kg7
30.dxe4 Qe6 31.Qg5+ Kh8 32.Re1 c5 33.b3 a5 34.e5 b5 35.Re4 a4 36.Rf4 axb3
37.axb3 Qg6 38.Qh4 Qe6 39.Qh5 Qg6 40.Qf3 Qg7 41.e6 Qh6 42.e7  1-0

[Event "Chigorin Mem"]
[Site "St Petersburg RUS"]
[Date "2005.10.19"]
[Round "5"]
[White "Turkin,V"]
[Black "Nogin,V"]
[Result "1/2-1/2"]
[WhiteElo "2298"]
[BlackElo "2165"]

1.e4 c5 2.Nf3 Nc6 3.Bb5 g6 4.O-O Bg7 5.Re1 e5 6.c3 Nge7 7.d3 a6 8.Ba4 O-O
9.Be3 d6 10.Bb3 h6 11.d4 cxd4 12.cxd4 Na5 13.d5 f5 14.exf5 Nxf5 15.Bc2 Nc4
16.Nbd2 Ncxe3 17.fxe3 Qb6 18.Nc4 Qc5 19.Rc1 Qxc4 20.Bxf5 Qxa2 21.Bxg6 Bg4
22.Be4 Rac8 23.Qd2 Qa4 24.Qd3 Qb5 25.Qxb5 axb5 26.Nd2 Bf6 27.Bd3 Bg5 28.Rxc8 Rxc8
29.Bxb5 Rc2 30.Nc4 Be2 31.Na3 Bxe3+ 32.Kh1 Rd2 33.Bxe2 Bf2 34.Rb1 Rxe2 35.Nc4 Bc5
36.h3 b5 37.b4 Bxb4 38.Rxb4 bxc4 39.Rxc4 Rd2 40.Rc7 Rxd5 41.Kh2 Rd2 42.Kg3 d5
43.Rd7 d4 44.Kf3 Rd3+ 45.Kg4 e4 46.Kf5 e3 47.Kf6  1/2-1/2

[Event "Chigorin Mem"]
[Site "St Petersburg RUS"]
[Date "2005.10.19"]
[Round "5"]
[White "Karasev,V"]
[Black "Tkachuk,A"]
[Result "1-0"]
[WhiteElo "2383"]
[BlackElo "2170"]

1.e4 c5 2.Nf3 Nc6 3.Bb5 d6 4.d4 cxd4 5.Qxd4 Bd7 6.Bxc6 Bxc6 7.Nc3 Nf6 8.Bg5 e6
9.O-O-O Be7 10.Rhe1 Qa5 11.Kb1 O-O 12.Qd2 Qb6 13.Nd4 Rfd8 14.f3 a6 15.g4 Qc7
16.h4 b5 17.Nce2 a5 18.Bxf6 Bxf6 19.g5 Be7 20.h5 Bd7 21.f4 b4 22.f5 e5 23.f6 Bf8
24.fxg7 Bxg7 25.Nf5 Bxf5 26.exf5 d5 27.f6 Bf8 28.Ng3 e4 29.Nf5 Qe5 30.Qf2 d4
31.g6 hxg6 32.hxg6 fxg6 33.f7+ Kxf7 34.Nd6+ Ke6 35.Nxe4 Qg7 36.Ng5+ Kd6 37.Ne6  1-0

[Event "SCG First League m"]
[Site "Vrnjacka Banja SCG"]
[Date "2005.10.19"]
[Round "3"]
[White "Stojanovic,Da"]
[Black "Dujkovic,S"]
[Result "1/2-1/2"]
[WhiteElo "2459"]
[BlackElo "2365"]

1.e4 c5 2.Nf3 Nc6 3.Bb5 g6 4.O-O Bg7 5.Re1 Nf6 6.e5 Nd5 7.Nc3 Nc7 8.Bxc6 dxc6
9.Ne4 Ne6 10.d3 O-O 11.Be3 b6 12.Qd2 Nd4 13.Nxd4 cxd4 14.Bh6 c5 15.b3 Bb7
16.Qf4 Qd5 17.Bxg7 Kxg7 18.Qg3 Rad8 19.f4 f5 20.exf6+ exf6 21.f5 Rf7 22.Rf1 Qd7
23.Rae1 Bxe4 24.Rxe4 Re8 25.fxg6 hxg6 26.Rg4 g5 27.h4 Re3 28.Rf3 Rxf3 29.Qxf3 Kg6
30.Qe4+ Kh5 31.Rg3 Re7 32.Qf3+ Kg6 33.hxg5  1/2-1/2

[Event "Femida"]
[Site "Kharkiv UKR"]
[Date "2005.10.20"]
[Round "5"]
[White "Reutsky,S"]
[Black "Kovchan,A"]
[Result "1/2-1/2"]
[WhiteElo "2325"]
[BlackElo "2504"]

1.e4 c5 2.Nf3 Nc6 3.Bb5 d6 4.O-O Bd7 5.Re1 Nf6 6.c3 a6 7.Bxc6 Bxc6 8.d4 Bxe4
9.Bg5 d5 10.Nbd2 cxd4 11.Bxf6 gxf6 12.Nxe4 dxe4 13.Nxd4 Qd5 14.Qg4 e6 15.Rad1 f5
16.Qh5 Rd8 17.Nb3 Qe5  1/2-1/2

[Event "Femida w"]
[Site "Kharkiv UKR"]
[Date "2005.10.20"]
[Round "5"]
[White "Maiko,J"]
[Black "Kochetkova,J"]
[Result "1/2-1/2"]
[WhiteElo "2195"]
[BlackElo "2346"]

1.e4 c5 2.Nf3 Nc6 3.Bb5 g6 4.O-O Bg7 5.c3 Nf6 6.e5 Nd5 7.d4 cxd4 8.cxd4 O-O
9.Nc3 Nxc3 10.bxc3 d5 11.exd6 exd6 12.Re1 Bg4 13.h3 Bxf3 14.Qxf3 Qa5 15.Bxc6 bxc6
16.Bf4 Rad8 17.Qxc6 Rc8 18.Qxd6 Qxc3 19.Be5 Rfe8 20.Qd5 Rcd8 21.Qb3 Qa5 22.Re3 Bxe5
23.dxe5 Rxe5 24.Rxe5 Qxe5 25.Rd1 Rxd1+ 26.Qxd1 Qb2 27.a4 Qe5 28.g3 h5 29.h4 Kg7
30.Kg2  1/2-1/2

[Event "Chigorin Mem"]
[Site "St Petersburg RUS"]
[Date "2005.10.20"]
[Round "6"]
[White "Chehlov,A"]
[Black "Chernov,Vl3"]
[Result "1-0"]
[WhiteElo "2207"]
[BlackElo "2009"]

1.e4 c5 2.Nf3 Nc6 3.Bb5 e5 4.O-O Bd6 5.c3 Qc7 6.Re1 Nge7 7.Na3 a6 8.Bf1 b5
9.Nc2 Bb7 10.h3 Ng6 11.d4 O-O 12.d5 Nce7 13.Ne3 Rae8 14.c4 bxc4 15.Bxc4 Kh8
16.g3 f5 17.Nxf5 Nxf5 18.exf5 e4 19.Ng5 Ne5 20.Rxe4 h6 21.Qh5 Kg8 22.f4 hxg5
23.fxe5 Qb8 24.Bxg5 Rxf5 25.Rae1 Ref8 26.Rh4 Rxg5 27.Qxg5 Qe8 28.Ree4 Qf7
29.Rhf4 Be7 30.Qg4 Qe8 31.d6+ Kh7 32.dxe7  1-0

[Event "SCG First League m"]
[Site "Vrnjacka Banja SCG"]
[Date "2005.10.21"]
[Round "5"]
[White "Vujacic,Bo"]
[Black "Nikac,P"]
[Result "1-0"]
[WhiteElo "2377"]
[BlackElo "2354"]

1.e4 c5 2.Nf3 Nc6 3.Bb5 g6 4.Bxc6 bxc6 5.O-O Bg7 6.Re1 d6 7.e5 d5 8.d3 Bg4
9.h3 Bxf3 10.Qxf3 e6 11.c4 Ne7 12.Nc3 Nf5 13.b3 Qa5 14.Bb2 Nd4 15.Qd1 O-O
16.Na4 dxc4 17.dxc4 Rfd8 18.Qd3 Bf8 19.Bc3 Qc7 20.Qe4 Rd7 21.Rad1 Nf5 22.Rxd7 Qxd7
23.g3 Rd8 24.Ba5 Rc8 25.Kg2 Be7 26.Re2 Qd1 27.Rd2 Qc1 28.h4 h5 29.Rd7 Qa1
30.Qe2 Qc1 31.Qd2 Qa1 32.Qb2 Qxb2 33.Nxb2 Ra8 34.Na4 Kf8 35.Nc3 f6 36.exf6 Bxf6
37.Ne4 Be7 38.Bc3 a5 39.Bf6 Ke8 40.Rb7 Bf8 41.Ng5 a4 42.Nxe6 Bd6 43.Ng7+ Nxg7
44.Bxg7 axb3 45.axb3 Be7 46.Be5 Ra2 47.Kf3 Rd2 48.Ke3 Ra2 49.Kf3 Rd2 50.Bf4 Rb2
51.Be3 Kf8 52.Ke4 Bd6 53.Rd7 Be7 54.Rc7 Rxb3 55.Rxc6 Rc3 56.Rxg6 Rxc4+ 57.Kd5 Ra4
58.Rh6 c4 59.Rc6 Kf7 60.Rxc4 Ra2 61.Rc7  1-0

[Event "SCG First League m"]
[Site "Vrnjacka Banja SCG"]
[Date "2005.10.21"]
[Round "5"]
[White "Novoselski,Z"]
[Black "Miljkovic,Mih"]
[Result "1/2-1/2"]
[WhiteElo "2360"]
[BlackElo "2276"]

1.e4 c5 2.Nf3 Nc6 3.Bb5 g6 4.O-O Bg7 5.c3 Nf6 6.Qa4 a6 7.Re1 Rb8 8.Bf1 b5
9.Qc2 e5 10.d4 d6 11.d5 Ne7 12.a4 O-O 13.Nbd2 Nh5 14.axb5 axb5 15.Nb3 Bg4
16.Be2 h6 17.Na5 Ra8 18.b4 Nf4 19.h3 Bd7 20.Be3 f5 21.Nb7 Qc7 22.Nxd6 Qxd6
23.bxc5 Qb8 24.Rxa8 Qxa8 25.Bxf4 exf4 26.c6 Nxc6 27.dxc6 Qxc6 28.e5 Rc8 29.Rb1 Qxc3
30.Qxc3 Rxc3 31.Bxb5 Bxb5 32.Rxb5 Rc1+ 33.Kh2 Rc2 34.Kg1 Rc1+ 35.Kh2 Rc2
36.Kg1 Rc1+  1/2-1/2

[Event "II Open"]
[Site "Calvia ESP"]
[Date "2005.10.22"]
[Round "3"]
[White "Libiszewski,F"]
[Black "Franco Ocampos,Z"]
[Result "1/2-1/2"]
[WhiteElo "2459"]
[BlackElo "2524"]

1.e4 c5 2.Nf3 Nc6 3.Bb5 e6 4.Bxc6 bxc6 5.d3 Ne7 6.Qe2 Qc7 7.h4 e5 8.Na3 d6
9.Nc4 f6 10.Bd2 Be6 11.Ba5 Qd7 12.Ne3 h5  1/2-1/2

[Event "Femida w"]
[Site "Kharkiv UKR"]
[Date "2005.10.22"]
[Round "7"]
[White "Baisalova,A"]
[Black "Kochetkova,J"]
[Result "0-1"]
[WhiteElo "2158"]
[BlackElo "2346"]

1.e4 c5 2.Nf3 Nc6 3.Bb5 g6 4.O-O Bg7 5.c3 Nf6 6.e5 Nd5 7.d4 cxd4 8.cxd4 O-O
9.Nc3 Nc7 10.Bxc6 dxc6 11.Be3 Nd5 12.Nxd5 Qxd5 13.Nd2 Bf5 14.Qb3 Qd7 15.f4 Rad8
16.Rac1 Be6 17.Qa4 Bd5 18.h3 f6 19.a3 a6 20.Qc2 g5 21.Ne4 gxf4 22.exf6 exf6
23.Nc5 Qf7 24.Rxf4 Rde8 25.Bf2 f5 26.Rf1 Qg6 27.g4 b6 28.Nd7 Qd6 29.Ne5 Qh6
30.Bg3 Qxh3 31.Qh2 fxg4 32.Qxh3 gxh3 33.Rc1 Rxf4 34.Bxf4 c5 35.Kh2 cxd4 36.Nd3 Be4
37.Nf2 Bf5 38.Rg1 Kh8 39.b4 Be5 40.Bxe5+ Rxe5 41.Kg3 Re2 42.Nxh3 Re3+  0-1

[Event "SCG First League m"]
[Site "Vrnjacka Banja SCG"]
[Date "2005.10.22"]
[Round "6"]
[White "Popadic,Dr"]
[Black "Kotronias,V"]
[Result "0-1"]
[WhiteElo "2287"]
[BlackElo "2626"]

1.e4 c5 2.Nf3 Nc6 3.Bb5 g6 4.O-O Bg7 5.Re1 Nf6 6.e5 Nd5 7.Nc3 Nc7 8.Bxc6 dxc6
9.Ne4 Ne6 10.d3 h6 11.Be3 b6 12.a3 O-O 13.b4 cxb4 14.axb4 f5 15.exf6 exf6
16.Bd2 f5 17.Nc3 Qd6 18.Qb1 g5 19.Na4 Bxa1 20.Qxa1 Bd7 21.h4 Rae8 22.Bc3 g4
23.Ne5 Nf4 24.Bd2 Ng6 25.Nxd7 Rxe1+ 26.Qxe1 Qxd7 27.Bxh6 Re8 28.Qc3 Nxh4
29.Bg5 Ng6 30.Bd2 Re6 31.Nb2 Qd5 32.Bg5 f4 33.Bf6 g3 34.Nc4 Qh5  0-1

[Event "TCh-BEL 2005-6"]
[Site "Belgium BEL"]
[Date "2005.10.23"]
[Round "2"]
[White "Van Mil,J"]
[Black "Goossens,E"]
[Result "1/2-1/2"]
[WhiteElo "2358"]
[BlackElo "2229"]

1.e4 c5 2.Nf3 Nc6 3.Bb5 Nf6 4.Bxc6 dxc6 5.d3 Bg4 6.h3 Bh5 7.Nbd2 Nd7 8.g4 Bg6
9.h4 h5 10.g5 e6 11.b3 Bd6 12.Bb2 O-O 13.Nc4 Bf4 14.Qe2 b5 15.Ne3 Qa5+ 16.Kf1 Qc7
17.Ng2 Bd6 18.e5 Be7 19.Nf4 c4 20.dxc4 Bc5 21.Nd2 Qb6 22.Nxh5 Bd4 23.Bxd4 Qxd4
24.Kg2 Bxh5 25.Qxh5 Nxe5 26.Nf3 Nxf3 27.Qxf3 bxc4 28.Rad1 Qc5 29.Rd7 Rad8
30.Rhd1 Rxd7 31.Rxd7 cxb3 32.cxb3 a5 33.Qe4 Qb4 34.Qxb4 axb4 35.Rc7 Ra8 36.Rxc6 Rxa2
37.Rb6 Rd2 38.Rxb4 Rd3 39.f3 Kh7 40.Kg3 Kg6 41.Kg4 f5+ 42.Kf4 e5+ 43.Kxe5 Rxf3
44.Rb6+ Kh5 45.b4 Kxh4 46.Rg6 Kg4 47.Kd5 Rf1 48.Rxg7 f4 49.g6 Kg5 50.Rg8 f3
51.g7 Kg6 52.b5 f2 53.Rf8 Kxg7 54.Rf3  1/2-1/2

[Event "Femida"]
[Site "Kharkiv UKR"]
[Date "2005.10.23"]
[Round "8"]
[White "Aveskulov,V"]
[Black "Arzumanian,G"]
[Result "0-1"]
[WhiteElo "2457"]
[BlackElo "2447"]

1.e4 c5 2.Nf3 Nc6 3.Bb5 g6 4.O-O Nf6 5.Re1 Bg7 6.c3 O-O 7.h3 a6 8.Ba4 b5
9.Bc2 Bb7 10.d3 d6 11.Nbd2 Nd7 12.Nf1 b4 13.d4 bxc3 14.bxc3 Rc8 15.Ne3 Nb6
16.Rb1 Na5 17.Qe2 Qc7 18.Rd1 cxd4 19.cxd4 d5 20.e5 Nac4 21.Bd3 Na4 22.Bd2 Nxd2
23.Qxd2 Nc3 24.Rbc1 Qa5 25.Rc2 Qa3 26.Rdc1 Ne4 27.Bxe4 dxe4 28.Rxc8 Rxc8
29.Rxc8+ Bxc8 30.Qc2 Bb7 31.Nd2 Bh6 32.Ndc4 Qb4 33.d5 Qe1+ 34.Kh2 Bf4+ 35.g3 Bg5
36.Kg2 Bc8 37.Qd1 Qxd1 38.Nxd1 Bb7 39.Nc3 f6 40.e6 f5 41.Ne3 Bf6 42.Ne2 Kf8
43.h4 Ke8 44.Nf4 Be5 45.Nh3 Bd4 46.Nf4 Kd8 47.h5 Bxe3 48.hxg6 hxg6 49.fxe3 g5
50.Nh3 Bxd5 51.a3 g4 52.Nf4 Bc4 53.Kf2 Kc7 54.Ke1 Kd6 55.Kd2 Bxe6 56.Kc3 Bd7
57.Kb4 Bb5 58.a4 Bf1 59.Kc3 e5 60.Ng6 a5 61.Kb3 Ba6 62.Kc3 Bc8 63.Nh4 Ke6
64.Kc4 Bd7 65.Kc5 Bxa4 66.Kb6 Bd1 67.Kxa5 f4  0-1